[Event "Augsburg Afro op"]
[Site "Augsburg"]
[Date "1997.??.??"]
[Round "7"]
[White "Doleschal, Johannes"]
[Black "Reichardt, Peter"]
[Result "1/2-1/2"]
[WhiteElo "2035"]
[BlackElo "1720"]
[PlyCount "64"]
[EventDate "1997.??.??"]
[EventType "swiss"]
[EventRounds "7"]
[EventCountry "GER"]
[SourceTitle "EXT 2006"]
[Source "ChessBase"]
[SourceDate "2005.11.24"]
[SourceVersion "1"]
[SourceVersionDate "2005.11.24"]
[SourceQuality "1"]

1. e4 c6 2. d4 d5 3. Nd2 dxe4 4. Nxe4 Nd7 5. Nf3 Ngf6 6. Nxf6+ Nxf6 7. Bc4 e6 8. 0-0 Qc7 9. Bg5 Nd5 10. Bh4 Bd6 11. Bg3 b6 12. Bb3 Bb7 13. c4 Nf6 14. Rc1 Bxg3 15. hxg3 c5 16. dxc5 Qxc5 17. Ba4+ Ke7 18. Qd4 Rac8 19. Qxc5+ Rxc5 20. b4 Rc7 21. Nd4 a6 22. Nb3 Rhc8 23. Nd2 b5 24. Bb3 bxc4 25. Rxc4 Bd5 26. Rxc7+ Rxc7 27. Rd1 Bxb3 28. Nxb3 Rc2 29. Rd2 Rxd2 30. Nxd2 Nd5 31. a3 Kd6 32. Kf1 Nc3 1/2-1/2

[Event "Augsburg Afro op"]
[Site "Augsburg"]
[Date "1997.??.??"]
[Round "3"]
[White "Doleschal, Johannes"]
[Black "Sepp, Lothar"]
[Result "0-1"]
[WhiteElo "2035"]
[BlackElo "1770"]
[PlyCount "64"]
[EventDate "1997.??.??"]
[EventType "swiss"]
[EventRounds "7"]
[EventCountry "GER"]
[SourceTitle "EXT 2006"]
[Source "ChessBase"]
[SourceDate "2005.11.24"]
[SourceVersion "1"]
[SourceVersionDate "2005.11.24"]
[SourceQuality "1"]

1. e4 e5 2. Nf3 Nf6 3. Nxe5 d6 4. Nf3 Nxe4 5. d4 d5 6. Bd3 Be7 7. 0-0 Bg4 8. c4 Nc6 9. Nc3 Nxc3 10. bxc3 0-0 11. Rb1 Rb8 12. Rb5 Be6 13. cxd5 Bxd5 14. c4 Bxf3 15. Qxf3 Bf6 16. Qh3 g6 17. Rh5 Qxd4 18. Rxh7 Ne5 19. Bc2 Rbd8 20. Be3 Qg4 21. Qh6 Nf3+ 22. Kh1 Nh4 23. Rg1 Nf5 24. Bxf5 Qxf5 25. Qh3 Qc2 26. Rh6 Rd1 27. f3 Rxg1+ 28. Bxg1 Qxc4 29. Qg3 Rd8 30. Qe1 Qa4 31. Qb1 Kg7 32. Rh3 Rd1 0-1

[Event "Salsomaggiore Terme op"]
[Site "Salsomaggiore Terme"]
[Date "1997.??.??"]
[Round "3"]
[White "Pangrazzi, Marco"]
[Black "Doleschal, Johannes"]
[Result "1-0"]
[WhiteElo "2250"]
[BlackElo "2035"]
[PlyCount "37"]
[EventDate "1997.05.15"]
[EventType "swiss"]
[EventRounds "6"]
[EventCountry "ITA"]
[SourceTitle "CBM 058 Extra"]
[Source "ChessBase"]
[SourceDate "1997.07.29"]
[SourceVersion "1"]
[SourceVersionDate "1997.07.29"]
[SourceQuality "1"]

1. e4 e5 2. f4 exf4 3. Bc4 Nf6 4. Nc3 c6 5. Qf3 b5 6. Bxb5 Qc7 7. Ba4 Bb4 8. Nge2 0-0 9. 0-0 d5 10. exd5 cxd5 11. d4 Bg4 12. Nxd5 Bxf3 13. Nxc7 Bxe2 14. Rf2 Na6 15. Nxa8 Bc4 16. Bc6 Rc8 17. Bb7 Rb8 18. Bxa6 Bxa6 19. Nc7 1-0

[Event "Augsburg Afro op"]
[Site "Augsburg"]
[Date "1997.??.??"]
[Round "6"]
[White "Warisch, Wolfgang"]
[Black "Doleschal, Johannes"]
[Result "1-0"]
[WhiteElo "1790"]
[BlackElo "2035"]
[PlyCount "229"]
[EventDate "1997.??.??"]
[EventType "swiss"]
[EventRounds "7"]
[EventCountry "GER"]
[SourceTitle "EXT 2006"]
[Source "ChessBase"]
[SourceDate "2005.11.24"]
[SourceVersion "1"]
[SourceVersionDate "2005.11.24"]
[SourceQuality "1"]

1. Nf3 Nf6 2. d4 e6 3. c4 b6 4. a3 Bb7 5. Nc3 Be7 6. Qc2 d5 7. cxd5 exd5 8. Bg5 0-0 9. e3 Nbd7 10. Be2 h6 11. Bh4 Re8 12. 0-0 c6 13. b4 Bd6 14. Rac1 Qb8 15. Bg3 Bxg3 16. hxg3 Qd6 17. Bd3 Rac8 18. Rfd1 Re7 19. Qa4 Ra8 20. Ba6 Qb8 21. Bxb7 Qxb7 22. Ne2 Rc8 23. Rd2 b5 24. Qb3 Nb6 25. Nf4 Nc4 26. Ra2 Ng4 27. Qd3 Qd7 28. Re1 Rce8 29. a4 a6 30. axb5 axb5 31. Qc2 Qd6 32. Qc3 Qb8 33. Ra6 Ra7 34. Rea1 Rxa6 35. Rxa6 Qb7 36. Qa1 Re7 37. Nd3 Nd6 38. Nc5 Qc7 39. Qa5 Nc4 40. Ra8+ Kh7 41. Qxc7 Rxc7 42. Ra6 Nd6 43. Nd2 Nc8 44. Ndb3 Nf6 45. f3 Ng8 46. Na5 Nge7 47. Kf2 f5 48. Nd3 Ra7 49. Rxa7 Nxa7 50. Ne5 h5 51. g4 hxg4 52. fxg4 g6 53. gxf5 gxf5 54. Kg3 Kg7 55. Kf4 Kf6 56. g3 Ng6+ 57. Nxg6 Kxg6 58. Ke5 Kg5 59. Kd6 Kg4 60. Nxc6 Nxc6 61. Kxc6 Kxg3 62. Kxd5 Kf3 63. Kc5 Kxe3 64. d5 f4 65. d6 f3 66. d7 f2 67. d8Q f1Q 68. Qd4+ Ke2 69. Kxb5 Qf5+ 70. Ka4 Qc2+ 71. Ka5 Qa2+ 72. Kb5 Qa8 73. Qc5 Qe8+ 74. Kc4 Qe4+ 75. Kb5 Qe8+ 76. Qc6 Qb8+ 77. Ka5 Kd1 78. b5 Qe5 79. Ka6 Qe2 80. Qd5+ Ke1 81. Kb7 Qe7+ 82. Kc6 Qa3 83. Kb6 Qe3+ 84. Kb7 Qe7+ 85. Kc6 Qe8+ 86. Qd7 Qe4+ 87. Kc7 Qe5+ 88. Kd8 Qb8+ 89. Ke7 Kf1 90. Qf5+ Kg1 91. Qg6+ Kh1 92. b6 Qb7+ 93. Kf8 Qb8+ 94. Kg7 Qb7+ 95. Kh6 Qb8 96. Qe4+ Kh2 97. Qc2+ Kh1 98. Qc7 Qh8+ 99. Kg6 Qg8+ 100. Kf6 Qf8+ 101. Ke6 Qh6+ 102. Kd7 Qh3+ 103. Kd6 Qg3+ 104. Kc6 Qf3+ 105. Kb5 Qd3+ 106. Ka5 Qa3+ 107. Kb5 Qd3+ 108. Kc5 Qc3+ 109. Kd6 Qg3+ 110. Kd7 Qh3+ 111. Kd8 Qh8+ 112. Ke7 Qh7+ 113. Ke6 Qh3+ 114. Ke5 Qg3+ 115. Kd4 1-0

[Event "Bad Woerishofen op 12th"]
[Site "Bad Woerishofen"]
[Date "1996.??.??"]
[Round "1"]
[White "Emms, John M"]
[Black "Doleschal, Johannes"]
[Result "1-0"]
[WhiteElo "2500"]
[BlackElo "2040"]
[PlyCount "71"]
[EventDate "1996.03.08"]
[EventType "swiss"]
[EventRounds "9"]
[EventCountry "GER"]
[SourceTitle "EXT 1997"]
[Source "ChessBase"]
[SourceDate "1996.11.15"]
[SourceVersion "1"]
[SourceVersionDate "1996.11.15"]
[SourceQuality "1"]

1. e4 e5 2. Nf3 Nc6 3. Bb5 a6 4. Ba4 Nf6 5. 0-0 Be7 6. Re1 b5 7. Bb3 0-0 8. a4 Bb7 9. d3 d6 10. c3 Na5 11. Ba2 c5 12. Na3 Bc6 13. axb5 axb5 14. Nc2 Bd7 15. Bg5 Nc6 16. h3 Kh8 17. Ne3 Qc7 18. Nd5 Qd8 19. Nxe7 Qxe7 20. d4 Ra7 21. Bd5 Rfa8 22. Rxa7 Rxa7 23. dxc5 dxc5 24. Qd2 Qd6 25. Bxf7 Qxd2 26. Bxd2 Bxh3 27. Bd5 Bd7 28. Be3 Ng4 29. Bxc5 Ra6 30. Ng5 h6 31. Nf7+ Kh7 32. Nd6 Ne7 33. Bb7 Ra2 34. Ba3 Nf6 35. Ba6 Ng6 36. Nxb5 1-0